Score 0/25 Timer 10:00
0 Plays Today
Hint Answer % Correct
Andorra la VellaAndorra
98%
AthensGreece
98%
BerlinGermany
94.1%
CopenhagenDenmark
92.2%
DublinIreland
92.2%
HelsinkiFinland
90.2%
BrusselsBelgium
88.2%
BudapestHungary
88.2%
LisbonPortugal
88.2%
KievUkraine
88.2%
Bern Switzerland
86.3%
Bucharest Romania
86.3%
OsloNorway
84.3%
Hint Answer % Correct
LuxembourgLuxembourg
84.3%
MoscowRussia
84.3%
ParisFrance
84.3%
StockholmSweden
84.3%
BelgradeSerbia
82.4%
PraugeCzech Republic
82.4%
MadridSpain
82.4%
ReykjavikIceland
80.4%
MinskBelarus
80.4%
ViennaAustria
80.4%
SarajevoBosnia
76.5%
LondonUnited Kingdom
35.3%
Remove Ads.
Support Sporcle.
Get the best of Sporcle when you Go Orange. This ad-free experience offers more features, more stats, and more fun while also helping to support Sporcle. Thank you for becoming a member.

You're not logged in!

Compare scores with friends on all Sporcle quizzes.
OR
Log In

Show Comments

Extras

Created Dec 12, 2014ReportNominate
Tags:Capital Quiz, Europe Quiz

Top Quizzes Today


Score Distribution

Your Account Isn't Verified!

In order to create a playlist on Sporcle, you need to verify the email address you used during registration. Go to your Sporcle Settings to finish the process.

Report this User

Report this user for behavior that violates our Community Guidelines.

Details: